| 000 | 00529nam a22001817a 4500 | ||
|---|---|---|---|
| 999 |
_c66795 _d66792 |
||
| 082 | _aR/2CS16 | ||
| 100 | _aTouqeer Ahmed | ||
| 100 | _aRoll No. 16CS33 | ||
| 100 | _aSupervisor - Dr. Umair Ali Khan | ||
| 245 | _aText Recognition Mobile App for Learning Grammar. | ||
| 260 |
_aNawabshah _bQUEST _c2020 |
||
| 300 | _a47p | ||
| 700 | _aRashid Hussain (Roll No. 16CS51) | ||
| 700 | _aAli Bisharat (Roll No. 16CS62) | ||
| 700 | _aMuthar Ali (Roll No. 16CS59) | ||
| 700 | _aShadi Khan (Roll No. 16-15CS41) | ||
| 942 | _cTHESIS | ||